Statistics for Other Vehicle Codes - Click Quiz

Click here to take the quiz!

General Stats

  • This quiz has been taken 57 times
  • The average score is 13 of 16

Answer Stats

HintAnswer% Correct
BVIBritish Virgin Islands
100%
HKHong Kong
100%
PSPalestine
98%
CCConsular Corps
95%
MOMacao
95%
FRFaroe Islands
85%
BQBonaire
83%
CWCuracao
83%
GBZGibraltar
83%
GBGGuernsey
83%
CDDiplomatic Corps
78%
GBJJersey
76%
GBAAlderney
71%
GBMIsle of Man
68%
SXSint Maarten
46%
NASaba
32%

Score Distribution

Percentile by Number Answered

Percent of People with Each Score

Your Score History

You have not taken this quiz